Biotech's dictionary of forestry / (Record no. 4645)

MARC details
000 -LEADER
fixed length control field 00561 a2200169 4500
010 ## - LCCN (DPL NO)
LC control number ENG-86488
020 ## - INTERNATIONAL STANDARD BOOK NUMBER
International Standard Book Number 8176221317
Terms of availability 495.00
035 ## - SYSTEM CONTROL NUMBER
System control number EN-70021
037 ## - SOURCE OF ACQUISITION
Source of stock number/acquisition DBAD / PUB
082 14 - DEWEY DECIMAL CLASSIFICATION NUMBER
Classification number 634.903
245 1# - TITLE STATEMENT
Title Biotech's dictionary of forestry /
Statement of responsibility, etc compiled & edited by Meena Francis
260 ## - PUBLICATION, DISTRIBUTION, ETC. (IMPRINT)
Place of publication, distribution, etc Delhi
Name of publisher, distributor, etc Biotech Books
Date of publication, distribution, etc 2006
270 ## - ADDRESS
Address 1123/74, Tri Nagar,
City Delhi
State or province New Delhi
Postal code 110 035
Telephone number 27382765
Electronic mail address biotechbooks@yahoo.co.in
300 ## - PHYSICAL DESCRIPTION
Extent 312p.
Other physical details b&w photos
Dimensions 22cm (Hb)
700 ## - ADDED ENTRY--PERSONAL NAME
Personal name Francis, Meena
942 ## - ADDED ENTRY ELEMENTS (KOHA)
Institution code [OBSOLETE] dpl
Item type English Books
Source of classification or shelving scheme Dewey Decimal Classification
Classification part 634.903
Call number suffix BIO
Holdings
Withdrawn status Lost status Not for loan Collection code Home library Current library Source of acquisition Cost, normal purchase price Full call number Barcode Copy number Cost, replacement price Koha item type
    Not For Loan Non-fiction D.B.Act.Division D.B.Act.Division DBAD/PUB 495.00 634.903 BIO EN-70021 1 495.00 English Books

© Delhi Public Library
Hit Counter
free hit counter